LEADER 01001nam a2200241 i 4500 001 000000111293 003 CaOOAMICUS 005 20030916000000.0 008 030916s1909 it u000 u ita u 013 $a83975 040 $aSeMil$bita 100 1 $aGranata, Luigi.$0(OLS)http://semarc/name/40920 245 10$aTrattato sull'Eccellenza della Virtù /$ccomposto in Spagnuolo dal venerabeile p. Luigi Granata. 260 $aSaronno :$bScuola Tipografica dell'Orfanotrofio,$c1909. 300 $aXVIII, 665 p., [1] c. di tav. ;$c22 cm. 500 $aFondo Card. C.M. Martini. 650 4$aVirtù - Trattati.$0(OLS)http://semarc/subject/2153 850 $aSeMil 852 $aSeMil$W1$xVenegono$y1$m2E I 80$j67128$B67128$CSeMilBibl$Z2$F87109 $81 941 1 $a4 961 $aOmaggio: Martini Card. Carlo Maria 996 $6245$aTrattato sull'Eccellenza della Virtù$9(OLS)http://semarc/title/161953 996 $6260$aSaronno :$bScuola Tipografica dell'Orfanotrofio$9(OLS)http://semarc/publisher/35989 LEADER 00847nam a2200193 i 4500 001 000000017687 003 CaOOAMICUS 005 20240129153219.0 008 180830s1955 it u000 u ita u 040 $aSeMil$bita 100 1 $aBacci, Antonio,$c.$0(OLS)http://semarc/name/8043 245 10$aAntonii Bacci ab epistulis pontificis max. ad principes varia latinittis scripta. 260 $aRoma :$bStudium,$c1955. 300 $av. ;$c22 cm. 650 4$aLingua latina - Lessico.$0(OLS)http://semarc/subject/7976 774 0 $tLexicon eorum vocabulorum quae difficilius latine redduntur.$g1$w()73765 996 $6245$aAntonii Bacci ab epistulis pontificis max. ad principes varia latinittis scripta$9(OLS)http://semarc/title/23356 996 $6260$aRoma :$bStudium$9(OLS)http://semarc/publisher/29617